| 000 | 01035nam a2200253 a 4500 | ||
|---|---|---|---|
| 001 | 000013159 | ||
| 005 | 20240530073916.0 | ||
| 008 | 091120s2004 dr 000 f spa d | ||
| 020 | _a9993496006 | ||
| 040 |
_aDO-SdBNP _bspa _cBNPHU |
||
| 082 |
_aRD863.44 _bV145f |
||
| 100 | 1 |
_aValdez, Diógenes, _d1941-2014 _914890 |
|
| 245 | 1 | 4 |
_aLas flores del hielo : _b(un paréntesis) / _cDiógenes Valdez. |
| 260 |
_aSanto Domingo : _bManatí, _c2004. |
||
| 300 |
_a119 p. ; _c21 cm. |
||
| 500 | _aIncluye datos biográficos del autor en la solapa de la cubierta. | ||
| 500 | _aCuarta novela del ciclo titulado ¨El sexteto de Fort Liberté¨, que se inspirada en el célebre poema ¨Yelidá¨, de Tomás Hernández Franco. | ||
| 590 | _aInventariado, 2020 /LP | ||
| 650 | 0 |
_aNovela dominicana _9223 |
|
| 650 | 0 |
_aLiteratura dominicana. _967 |
|
| 700 | 1 | 2 |
_aHernández Franco, Tomás, _d1904-1952 _tYelidá _930249 |
| 800 | 1 |
_aValdez, Diógenes _tYelidá (El sexteto de Fort Liberté) _v4 _930250 |
|
| 910 | _aValidado. Control de calidad MFF | ||
| 999 |
_c12798 _d12798 |
||